Braveheart Freedom Speech - Statistics

General Stats
  • This quiz has been taken 629 times
    628 since last reset
  • The average score is 93 of 159
Answer Stats
Speech % Correct
free
95%
a
91%
they'll
91%
freedom?
90%
FREEDOM!!!!!!
90%
the
90%
I
89%
you'll
88%
will
87%
Will
87%
live.
85%
live...
85%
you
82%
our
79%
OUR
79%
may
76%
take
76%
take......
76%
but
75%
do
74%
And
73%
and
73%
fight
73%
fight?
73%
never
73%
they
73%
(Veteran) Fight?
73%
No!
72%
to
70%
be
69%
HE
69%
Scotland!
69%
of
68%
We
68%
am
67%
*am*
67%
die.
66%
lives,
66%
for
64%
men
63%
men...
63%
William
63%
(Young Soldier) William
63%
Wallace.
62%
Wallace
62%
Wallace!
62%
from
60%
is
59%
that
58%
that?
58%
that,
58%
in
57%
are.
52%
English
52%
here,
52%
here
52%
run.
52%
Run,
52%
(Wallace) Aye,
52%
your
52%
arse.
51%
with
51%
his
50%
this
50%
What
50%
if
49%
day
48%
he'd
48%
one
48%
as
47%
feet
47%
tall!
47%
I've
46%
lightning
46%
(Wallace) Yes,
46%
at
45%
now,
45%
seven
45%
bolts
44%
my
44%
(William Wallace) Sons
44%
chance,
43%
come
42%
eyes,
42%
were
42%
see
41%
would
41%
just
40%
while.
40%
years
40%
ALL
39%
many
38%
beds,
37%
army
36%
heard.
36%
least
36%
back
35%
You've
34%
tell
33%
by
32%
countrymen,
32%
enemies
32%
fireballs
32%
dying
31%
willin'
30%
hundreds.
29%
trade
29%
days,
28%
Kills
28%
consume
26%
tyranny.
26%
whole
26%
Against
25%
defiance
24%
BRATH!
22%
GU
12%
(All) ALBA
10%
No matching quizzes found
Score Distribution
Percent of People with Each Score
Percentile by Number Answered
Your Score History
You have not taken this quiz since the last reset